000 00671nam a2200289Ia 4500
005 20260324134538.0
008 008 260324s9999 xx 000 0 eng d
020 _a9780203181737
037 _aEBOOK
040 _aCRL
040 _beng
040 _cCRL
041 _2eng
041 _aeng
084 _qCRL
100 _aOliver Crick; John Rudlin
_91197226
245 0 _aCommedia Dell'Arte
245 2 _bA Handbook for Troupes
260 _bTaylor and Francis
260 _c2001
365 _a
365 _b230
856 _uhttp://www.taylorfrancis.com/books/9780203181737
942 _cEBOOK
999 _c1797433
_d1797433